00585nam a2200169Ia 4500008004100000020001500041041000800056082001600064100002200080245011100102250000600213260003200219300001100251650000900262999001900271952012500290210716s2004 xx 000 0 und d a8176197355 aeng a158.26 SIMG aSimons, George F. aWorking together: succeeding in a multicultural organization.bSucceeding in a multicultural organization. a3 aNew DelhibViva Booksc2004 aix,116 aNone c186222d186222 001040708MCAaAIMITbAIMITeBook Worldg125.00l0o158.26 SIMGpMCA05730r2026-05-23 00:00:00v106.25w2021-07-16yBK